Jeden z Dziesięciu - trudne pytania #04 - Statystyki

Ogólne statystyki
  • Ten quiz został rozwiązany 20 razy
  • Średni wynik to 9 z 20
Statystyki odpowiedzi
Pytania Odpowiedź % Poprawnych
Kto napisał tekst do piosenki Andrzeja Zauchy C'est la vie. Paryż z pocztówki? Jacek Cygan
68%
Jak nazywa się człowiek, który jako pierwszy zdobył wszystkie ośmiotysięczniki na Ziemi? Reinhold Messner
63%
Jaka była dokładna data bitwy wiedeńskiej? 12 września 1683
58%
Lekarzem jakiej specjalizacji był twórca języka esperanto, Ludwik Zamenhof? okulistą
58%
W którym państwie odznaczeniem państwowym jest Order Słonia? w Danii
58%
Jak nazywa się głos męski odpowiadający sopranowi? dyszkant
53%
Bratankiem którego reżysera jest Nicholas Cage? Francisa Forda Coppoli
53%
Która znana polska sztuka nosi podtytuł Magnetyzm serca? Śluby panieńskie
53%
Co miał powiedzieć Johann Wolfgang von Goethe na łożu śmierci? Więcej światła
53%
Jak nazywa się trucizna pozyskiwana z rącznika pospolitego? rycyna
53%
Odmianą którego owocu jest szklanka? wiśni
53%
Do czego w dawnym laboratorium służył alembik? do destylacji prostej
42%
Bohaterką której powieści Ernesta Hemmingwaya jest Catherine Barkley? Pożegnanie z bronią
42%
Jak nazywają się ochraniacze na nogi noszone przez bramkarza w hokeju na lodzie? parkany
42%
W jakim powiecie, według wiersza Juliana Tuwima Piotr Płaksin, znajdowała się stacja Chandra Unyńska? w mordobijskim powiecie
42%
W jakim czasie ISS okrąża Ziemię (w zaokrągleniu do dziesiątek minut)? w około 90 minut
37%
Jak w żeglarstwie nazywa się wiatr wiejący z ukosa lub lina biegnąca od topu masztu do okucia na burcie? baksztag
32%
Jak nazywał się polski karykaturzysta, założyciel tygodnika Szpilki oraz muzeum karykatury nazwanego potem jego imieniem? Eryk Lipiński
32%
Jak nazywał się właściciel krakowskiej cukierni, w której działał kabaret Zielony balonik? Apolinary Michalik
26%
Jak nazywają się dwie wyspy położone w Cieśninie Beringa, rozdzielone linią zmiany daty i granicą amerykańsko-rosyjską? Wyspy Diomedesa
26%
Nie znaleziono quizów pasujących do podanych kryteriów
Rozkład punktacji
Procent ludzi z każdym wynikiem
Percentyl według liczby udzielonych odpowiedzi
Twoja historia wyników
Nie rozwiązałeś tego quizu